000 00315nam a22001337a 4500
008 181219b xxu||||| |||| 00| 0 eng d
020 _a9780801884863
041 _aeng
080 _26th
_a610
100 _a4
101 _aSHM
245 _aThe Guide to Living with HIV Infection
_cBartlett,J.G
942 _2udc
_cBK
999 _c53523
_d53523